Normal view MARC view
  • Atluri, S.N Newman, J.C

Entry Personal Name

Number of records used in: 1

001 - CONTROL NUMBER

  • control field: 62230

003 - CONTROL NUMBER IDENTIFIER

  • control field: NUST

005 - DATE AND TIME OF LATEST TRANSACTION

  • control field: 20210628202912.0

008 - FIXED-LENGTH DATA ELEMENTS

  • fixed length control field: 210628|| aca||aabn | a|a d

040 ## - CATALOGING SOURCE

  • Original cataloging agency: NUST
  • Transcribing agency: NUST

100 ## - HEADING--PERSONAL NAME

  • Personal name: Atluri, S.N Newman, J.C

670 ## - SOURCE DATA FOUND

  • Source citation: Work cat.: (NUST): Atluri, S.N Newman, J.C, Fracture mechanics, twenty second symposium (volume ii), 1992
© 2023 Central Library, National University of Sciences and Technology. All Rights Reserved.